| 000 | 00412nam a2200157Ia 4500 | ||
|---|---|---|---|
| 008 | 230917s9999||||xx |||||||||||||| ||und|| | ||
| 040 |
_e101410 _aMAIN |
||
| 041 | _aEnglish | ||
| 082 | _a519.2 C472E | ||
| 100 | _aChung, Kai Lai | ||
| 245 | 0 | _aElementary probability theory with stochastic process | |
| 250 | _a4th ed. | ||
| 260 |
_aNew York _bSpringer-Verlag _c2003 |
||
| 300 | _axiii ,402 p. | ||
| 942 | _cBK | ||
| 999 |
_c135521 _d135521 |
||